000 00665nam a22002057a 4500
005 20130510160529.0
010 _aENG-107020
020 _a9788184050677
_c700.00
035 _aEN-90553
037 _bDBAD/PUB
082 _a306.3
100 _aHovland, Roxanne
245 1 0 _aAdvertising society and consumer culture /
_cby Roxanne Hovland [and] Joyce M. Wolburg
260 _aNew Delhi
_bReference Press
_c2011
270 _a4831/24, Ansari Road, Daryaganj
_bDelhi
_e110002
300 _avii, 197p.:
_c22cm(Hb)
_bill
500 _aIncludes bibliographical references and index
700 _aWolburg, Joyce M.
942 _2ddc
_cEN
_mHOV
_h306.3
999 _c75318
_d75318